Con amor a la educación /

El artículo nace de experiencias pedagogías personales antes que de determinados estudios teóricos. El amor a la disciplina enseñada y a los alumnos es el valor agregado necesario a la labor educativa. Debemos superar al instructor y al pedagogo y proyectarnos como educadores que buscan el crecimien...

Full description

Bibliographic Details
Main Author: Montes Brunet, Hugo
Format: Analitica de revista
Language:Spanish
Published: Santiago, Chile Pontificia Universidad Católica de Chile 2004

MARC

LEADER 00000cab a2200000 a 4500
001 036383
003 UAHC_CL
005 20170803124001.0
008 030922s1994 cl f 000 spa
040 |a UAHC_CL  |c UAHC_CL  |d UAHC_CL 
100 1 |a Montes Brunet, Hugo 
245 1 0 |a Con amor a la educación /  |c Hugo Montes Brunet. 
260 |b Pontificia Universidad Católica de Chile  |c 2004  |a Santiago, Chile 
300 |a p. 458-472 
500 |a En: Pensamiento educativo, nû34, 2004. p.458-472. ISSN 07171013. 
500 |a En: Pensamiento educativo, n°34, 2004. p.458-472. ISSN 07171013. 
500 |a En: Pensamiento educativo, nç34, 2004. p.458-472. ISSN 07171013. 
520 |a El artículo nace de experiencias pedagogías personales antes que de determinados estudios teóricos. El amor a la disciplina enseñada y a los alumnos es el valor agregado necesario a la labor educativa. Debemos superar al instructor y al pedagogo y proyectarnos como educadores que buscan el crecimiento armonioso de la persona del alumno, no únicamente de su intelecto. Esta exigencia es particularmente necesaria en el mundo globalizado, competitivo y pragmático en que vivimos. El currículum oficial debe facilitar el gusto de los profesores por la educación, a través de una redacción sencilla y clara y de contenidos mínimos y no máximos. 
520 |a El artículo nace de experiencias pedagogías personales antes que de determinados estudios teóricos. El amor a la disciplina enseñada y a los alumnos es el valor agregado necesario a la labor educativa. Debemos superar al instructor y al pedagogo y proyectarnos como educadores que buscan el crecimiento armonioso de la persona del alumno, no únicamente de su intelecto. Esta exigencia es particularmente necesaria en el mundo globalizado, competitivo y pragmático en que vivimos. El currículum oficial debe facilitar el gusto de los profesores por la educación, a través de una redacción sencilla y clara y de contenidos mínimos y no máximos. 
520 |a El artÌculo nace de experiencias pedagogÌas personales antes que de determinados estudios teÛricos. El amor a la disciplina enseÒada y a los alumnos es el valor agregado necesario a la labor educativa. Debemos superar al instructor y al pedagogo y proyectarnos como educadores que buscan el crecimiento armonioso de la persona del alumno, no únicamente de su intelecto. Esta exigencia es particularmente necesaria en el mundo globalizado, competitivo y pragm·tico en que vivimos. El currÌculum oficial debe facilitar el gusto de los profesores por la educaciÛn, a travÈs de una redacciÛn sencilla y clara y de contenidos mÌnimos y no m·ximos. 
759 |a PP160 
773 0 |t Revista PRELAC  |w 041234 
900 |a PENSAMIENTO EDUCATIVO-34/04 
942 |c REVA 
952 |0 0  |1 0  |4 0  |6 PENSAMIENTO_EDUCATIVO34_04_000000000000000  |7 0  |8 General  |9 69104  |a BC  |b BC  |c General  |d 2017-08-03  |l 0  |o PENSAMIENTO EDUCATIVO-34/04  |p FICTICIO5010  |r 2019-01-08 00:00:00  |t 1  |w 2017-08-03  |y REVA 
999 |c 36383  |d 36383